| 000 | 00457nam a2200157 i 4500 | ||
|---|---|---|---|
| 001 | 59794 | ||
| 003 | ES-MaACL | ||
| 005 | 20230906164111.0 | ||
| 007 | t| | ||
| 008 | 031030s1970 sp ||||1| spa d | ||
| 100 | 1 |
_aEransus Iribarren, Ambrosio. _947347 |
|
| 245 | 1 | 0 |
_aOlite _b: cuna y trono / _cpor Ambrosio Eransus Iribarren. |
| 260 |
_aOlite : _b[s.n., _c1970] ( _fIruña) |
||
| 300 |
_a59 p., 53 lám. ; _c21 cm. |
||
| 852 |
_aES-MaACL _jC-47549 _bR.75168 |
||
| 999 |
_c59794 _d59794 |
||